[Event "BL 1718 SV Hofheim - SK Norderstedt"]
[Site "?"]
[Date "2018.02.24"]
[Round "9.7"]
[White "Meyer, Falko"]
[Black "Margolin, Boris"]
[Result "0-1"]
[WhiteElo "2221"]
[BlackElo "2388"]
[PlyCount "112"]
[EventDate "2018.??.??"]
[EventType "team-tourn"]

1. e4 e6 2. d4 d5 3. exd5 exd5 4. Bd3 c5 5. Qe2+ Be7 6. dxc5 Nf6 7. Nf3 O-O 8.
O-O Bxc5 9. Nc3 Re8 10. Qd1 Be6 11. a3 a6 12. Bg5 h6 13. Bh4 Nc6 14. Re1 g5 15.
Bg3 Bg4 16. Rxe8+ Qxe8 17. Be2 Rd8 18. b4 Bb6 19. b5 Ne4 20. Na4 axb5 21. Bxb5
Ba7 22. Qd3 f5 23. Bc7 Nxf2 24. Qb3 Nd3+ 25. Kh1 Nf2+ 26. Kg1 Ne4+ 27. Kh1 Rd7
28. Bb6 Bb8 29. Rd1 Bxf3 30. Qxf3 Qe5 31. g3 g4 32. Qe3 d4 33. Qxh6 Nxg3+ 34.
Kg1 Qxb5 35. Qg6+ Rg7 36. Qe8+ Kh7 37. hxg3 Re7 38. Qh5+ Kg7 39. Qg5+ Kf7 40.
Rf1 Re5 41. Qh5+ Ke7 42. Qh7+ Kd6 43. Qg6+ Kd7 44. Rd1 Bd6 45. Qf7+ Re7 46. Qf6
Qxa4 47. Qxf5+ Re6 48. Qxg4 Qxc2 49. Bxd4 Kc7 50. Bf2 Rg6 51. Qh5 Ne5 52. Qh7+
Kc6 53. Qh1+ Kc7 54. Qh7+ Nd7 55. Qh5 Bxg3 56. Qa5+ Kc8 0-1

[Event "BL 1718 SV Hofheim - SK Norderstedt"]
[Site "?"]
[Date "2018.02.24"]
[Round "9.8"]
[White "Zude, Arno"]
[Black "Polischuk, Viktor"]
[Result "1/2-1/2"]
[WhiteElo "2373"]
[BlackElo "2284"]
[PlyCount "169"]
[EventDate "2018.??.??"]
[EventType "team-tourn"]

1. e4 c5 2. Nf3 e6 3. d4 cxd4 4. Nxd4 Nf6 5. Nc3 Nc6 6. Ndb5 Bb4 7. a3 Bxc3+ 8.
Nxc3 d5 9. exd5 exd5 10. Bd3 O-O 11. O-O d4 12. Ne2 Bg4 13. f3 Bh5 14. Nf4 Bg6
15. Nxg6 hxg6 16. f4 Ne7 17. Qf3 Qb6 18. Re1 Rfe8 19. Bd2 Nf5 20. b4 Qc7 21. h3
Ne3 22. Bxe3 dxe3 23. c4 Qe7 24. c5 Qe6 25. Bb5 Re7 26. Rad1 a6 27. Ba4 a5 28.
Rd4 Qa2 29. Rxe3 Rxe3 30. Qxe3 axb4 31. Bb3 Qxa3 32. Kh2 Re8 33. Qf3 Re7 34.
Rd3 Qc1 35. f5 g5 36. Rd1 Qxc5 37. Qg3 Qxf5 38. Rd4 Qe5 39. Rxb4 b5 40. Qxe5
Rxe5 41. Rd4 Kf8 42. Rd6 g4 43. h4 Re3 44. Bc2 Ne4 45. Bxe4 Rxe4 46. Rb6 b4 47.
h5 Kg8 48. Kg3 Kh7 49. Kh4 f6 50. g3 Rc4 51. h6 gxh6 52. Rxf6 Kg7 53. Rxh6 Kf7
54. Kg5 Ke7 55. Kf5 Kd7 56. Rb6 Kc7 57. Rb5 Kc6 58. Rb8 Kc5 59. Ke5 Rc3 60. Kf4
Rc4+ 61. Ke5 Kc6 62. Ke6 Kc7 63. Rb5 Rc6+ 64. Kf5 Rb6 65. Rc5+ Rc6 66. Rb5 Rc4
67. Ke6 Rc6+ 68. Kf5 Rb6 69. Rc5+ Kd6 70. Rc1 b3 71. Kxg4 b2 72. Rb1 Ke5 73.
Kg5 Kd4 74. g4 Kc3 75. Kf5 Kc2 76. Rxb2+ Rxb2 77. g5 Kd3 78. g6 Kd4 79. g7 Rg2
80. Kf6 Kd5 81. Kf7 Rf2+ 82. Ke7 Rg2 83. Kf7 Ke5 84. g8=Q Rxg8 85. Kxg8 1/2-1/2

[Event "BL 1718 DJK Aachen - OSG Baden Baden"]
[Site "?"]
[Date "2018.02.24"]
[Round "9.2"]
[White "van Foreest, Jorden"]
[Black "Anand, Viswanathan"]
[Result "1/2-1/2"]
[WhiteElo "2636"]
[BlackElo "2779"]
[PlyCount "65"]
[EventDate "2018.??.??"]
[EventType "team-tourn"]

1. e4 e5 2. Nf3 Nc6 3. Bb5 a6 4. Ba4 Nf6 5. O-O Be7 6. d3 b5 7. Bb3 d6 8. a3
O-O 9. Re1 Nb8 10. Nbd2 Nbd7 11. Ba2 c5 12. Nf1 Nb6 13. Ng3 Qc7 14. Nh4 g6 15.
Bh6 Re8 16. Qd2 Ng4 17. Bg5 Bxg5 18. Qxg5 Qe7 19. Nf3 Qxg5 20. Nxg5 Ra7 21. Nf1
Kg7 22. h3 Nh6 23. Ne3 a5 24. c3 Ng8 25. Nf3 Ne7 26. Rad1 f5 27. g3 Bd7 28.
exf5 Nxf5 29. Ng5 Bc6 30. Ne6+ Kh8 31. Ng5 Kg7 32. Ne6+ Kh8 33. Ng5 1/2-1/2

[Event "BL 1718 DJK Aachen - OSG Baden Baden"]
[Site "?"]
[Date "2018.02.24"]
[Round "9.3"]
[White "Wojtaszek, Radoslaw"]
[Black "Lupulescu, Constantin"]
[Result "1-0"]
[WhiteElo "2735"]
[BlackElo "2626"]
[PlyCount "67"]
[EventDate "2018.??.??"]
[EventType "team-tourn"]

1. d4 d5 2. c4 e6 3. Nc3 a6 4. cxd5 exd5 5. Bf4 Nf6 6. e3 Bd6 7. Bg5 Be6 8. Bd3
h6 9. Bh4 Nbd7 10. Nge2 Qe7 11. h3 c6 12. Qc2 Rc8 13. O-O Nb6 14. Rae1 O-O 15.
f4 c5 16. Ng3 Qd8 17. Nh5 Be7 18. Bxf6 Bxf6 19. Nxf6+ Qxf6 20. dxc5 Rxc5 21.
Qf2 Rcc8 22. e4 dxe4 23. Nxe4 Qd8 24. Rd1 Bd5 25. Bb1 Qc7 26. Nf6+ gxf6 27.
Qg3+ Kh8 28. Qh4 Rfe8 29. Qxh6+ Kg8 30. Bh7+ Kh8 31. Bf5+ Kg8 32. Rd3 Qc5+ 33.
Kh2 Re3 34. b4 1-0

[Event "BL 1718 DJK Aachen - OSG Baden Baden"]
[Site "?"]
[Date "2018.02.24"]
[Round "9.4"]
[White "Parligras, Mircea Emilian"]
[Black "Adams, Michael"]
[Result "1/2-1/2"]
[WhiteElo "2638"]
[BlackElo "2709"]
[PlyCount "142"]
[EventDate "2018.??.??"]
[EventType "team-tourn"]

1. d4 Nf6 2. c4 e6 3. Nf3 d5 4. Nc3 c5 5. cxd5 Nxd5 6. e3 Nc6 7. Bd3 Be7 8. O-O
O-O 9. a3 b6 10. Qc2 Nxc3 11. bxc3 g6 12. dxc5 Bxc5 13. c4 Bb7 14. Bb2 Qe7 15.
Rfd1 Rad8 16. Qc3 f6 17. Be2 Kg7 18. h3 Rxd1+ 19. Rxd1 Rd8 20. Nd4 e5 21. Nxc6
Rxd1+ 22. Bxd1 Bxc6 23. Be2 Qb7 24. Bf1 Qd7 25. Qd3 g5 26. Qxd7+ Bxd7 27. Bd3
h5 28. Kf1 Be6 29. Ke2 Kf7 30. Kd2 h4 31. Bf1 Bd7 32. Bd3 Be6 33. f3 Ke7 34.
Ke2 Bd6 35. Kd2 Kd7 36. a4 Bb4+ 37. Kc2 Kc6 38. f4 Kd6 39. fxg5 fxg5 40. Kb3
Bc5 41. Bc1 g4 42. hxg4 Bxg4 43. Bd2 Bd1+ 44. Bc2 Be2 45. Be4 a5 46. Bh7 Ke6
47. Be1 Be7 48. Bc2 Kd6 49. Bf5 Kc5 50. g3 Bxc4+ 51. Kc3 hxg3 52. Bxg3 Bf6 53.
e4 Bf7 54. Bd7 Kd6 55. Bb5 Bg6 56. Kd3 Be7 57. Bh2 Ke6 58. Bc4+ Kf6 59. Bg1 Bc5
60. Bxc5 bxc5 61. Bd5 Kg5 62. Kc4 Kf4 63. Kxc5 Bxe4 64. Bc4 Bc2 65. Kb5 e4 66.
Kxa5 Bd3 67. Bb3 e3 68. Bd1 Kg3 69. Kb4 Kf2 70. a5 Ke1 71. Bg4 Kd2 1/2-1/2

[Event "BL 1718 DJK Aachen - OSG Baden Baden"]
[Site "?"]
[Date "2018.02.24"]
[Round "9.5"]
[White "Vallejo Pons, Francisco"]
[Black "Bindrich, Falko"]
[Result "1/2-1/2"]
[WhiteElo "2718"]
[BlackElo "2604"]
[PlyCount "166"]
[EventDate "2018.??.??"]
[EventType "team-tourn"]

1. e4 e5 2. Nf3 Nf6 3. Nxe5 d6 4. Nf3 Nxe4 5. Nc3 Nxc3 6. dxc3 Be7 7. Be3 Nc6
8. Qd2 Be6 9. O-O-O Qd7 10. Kb1 a6 11. Be2 h6 12. Nd4 Nxd4 13. Bxd4 Rg8 14. c4
O-O-O 15. b3 Bg4 16. f3 Bf5 17. g4 Bg6 18. h4 h5 19. Rdg1 f6 20. Bd3 Bxd3 21.
Qxd3 hxg4 22. Rxg4 d5 23. c5 Qc6 24. b4 Qa4 25. a3 Kb8 26. Rhg1 g5 27. f4 f5
28. R4g3 g4 29. Qxf5 Bxh4 30. Rxg4 Rgf8 31. Qg6 Be7 32. R1g3 a5 33. Rb3 Rde8
34. Be5 axb4 35. Qb6 Qc6 36. Qxc6 bxc6 37. Rxb4+ Kc8 38. Rg7 Kd7 39. Ka2 Ke6
40. Rg6+ Kd7 41. Rg7 Ke6 42. Rb7 Rc8 43. Rg6+ Kd7 44. Rg7 Ke6 45. Bxc7 Bxc5 46.
Rg6+ Kf5 47. Rxc6 Be3 48. Rd6 Rf7 49. Rxd5+ Kg4 50. Rb3 Rfxc7 51. Rxe3 Rxc2+
52. Kb3 Kxf4 53. Re7 Rc1 54. Rd2 R1c3+ 55. Kb2 R3c4 56. Rf2+ Kg3 57. Ree2 Rb8+
58. Ka2 Rc3 59. Rc2 Rd3 60. Rfd2 Re3 61. Rb2 Ra8 62. Rb3 Kf3 63. Rd4 Rxb3 64.
Kxb3 Ke3 65. Rb4 Kd3 66. a4 Ra7 67. Rb6 Kd4 68. Kb4 Kd5 69. a5 Rc7 70. Kb5 Rc5+
71. Ka6 Kc4 72. Rh6 Rg5 73. Kb6 Rb5+ 74. Ka6 Rg5 75. Rh1 Rg6+ 76. Kb7 Kb5 77.
Rh5+ Ka4 78. a6 Rg7+ 79. Kb8 Rg8+ 80. Kc7 Rg7+ 81. Kc6 Rg6+ 82. Kc5 Rxa6 83.
Rh1 Rg6 1/2-1/2

[Event "BL 1718 DJK Aachen - OSG Baden Baden"]
[Site "?"]
[Date "2018.02.24"]
[Round "9.6"]
[White "Handke, Florian"]
[Black "Bacrot, Etienne"]
[Result "1/2-1/2"]
[WhiteElo "2533"]
[BlackElo "2722"]
[PlyCount "87"]
[EventDate "2018.??.??"]
[EventType "team-tourn"]

1. e4 e5 2. Nf3 Nc6 3. Bb5 Nf6 4. O-O Nxe4 5. Re1 Nd6 6. Nxe5 Be7 7. Bf1 Nxe5
8. Rxe5 O-O 9. Nc3 Ne8 10. Nd5 Bd6 11. Re1 c6 12. Ne3 Be7 13. c4 Nc7 14. d4 d5
15. cxd5 Bb4 16. Bd2 Bxd2 17. Qxd2 Nxd5 18. Nxd5 Qxd5 19. Re5 Qd6 20. Bc4 Bd7
21. Rae1 b5 22. Bb3 a5 23. a3 a4 24. Ba2 Rae8 25. Qc3 g6 26. h4 Rxe5 27. Rxe5
Re8 28. Qf3 Re7 29. h5 Be8 30. Rxe7 Qxe7 31. h6 Qd6 32. Qe3 Kf8 33. g3 f6 34.
Bg8 Qd8 35. Qe6 Qxd4 36. Bxh7 Bf7 37. Qc8+ Ke7 38. Qc7+ Qd7 39. Qf4 Qd1+ 40.
Kh2 Qh5+ 41. Kg2 Qe5 42. Qb4+ Kd7 43. Qd2+ Ke7 44. Qb4+ 1/2-1/2

[Event "BL 1718 DJK Aachen - OSG Baden Baden"]
[Site "?"]
[Date "2018.02.24"]
[Round "9.7"]
[White "Naiditsch, Arkadij"]
[Black "Zaragatski, Ilja"]
[Result "1-0"]
[WhiteElo "2705"]
[BlackElo "2495"]
[PlyCount "75"]
[EventDate "2018.??.??"]
[EventType "team-tourn"]

1. e4 e6 2. d4 d5 3. Nd2 Nc6 4. Ngf3 Nf6 5. e5 Nd7 6. Bb5 a6 7. Bxc6 bxc6 8. c4
dxc4 9. Nxc4 Nb6 10. Na5 Qd5 11. Bd2 c5 12. dxc5 Bxc5 13. Qc2 Be7 14. O-O Qd7
15. Rfd1 Nd5 16. Bg5 f6 17. exf6 gxf6 18. Bh6 Bd6 19. Rd4 Qb5 20. Bg7 Rg8 21.
Qxh7 Rxg7 22. Qxg7 Qxa5 23. Re1 c6 24. Rh4 Be7 25. Rh7 Kd7 26. Rd1 Qc5 27. Qxf6
Bb7 28. Ne5+ Kc7 29. Qxe6 Rf8 30. Nd3 Qd6 31. Re1 Qxe6 32. Rxe6 Kd8 33. Ne5 Rf4
34. h4 Rd4 35. Ng6 Rd1+ 36. Kh2 Bc8 37. Rexe7 Nxe7 38. Nxe7 1-0

[Event "BL 1718 DJK Aachen - OSG Baden Baden"]
[Site "?"]
[Date "2018.02.24"]
[Round "9.8"]
[White "Donchenko, Alexander"]
[Black "Movsesian, Sergei"]
[Result "1-0"]
[WhiteElo "2583"]
[BlackElo "2649"]
[PlyCount "105"]
[EventDate "2018.??.??"]
[EventType "team-tourn"]

1. d4 Nf6 2. c4 e6 3. g3 d5 4. Bg2 Bb4+ 5. Bd2 Be7 6. Nf3 O-O 7. O-O c6 8. Qc2
b6 9. Rd1 Bb7 10. Ne5 Nbd7 11. cxd5 cxd5 12. Nc6 Bxc6 13. Qxc6 Rc8 14. Qb5 Ne8
15. Nc3 Nd6 16. Qd3 Nf6 17. b3 Qd7 18. e3 Qb7 19. Be1 Rfd8 20. Rac1 h5 21. Bf1
Nfe4 22. Nxe4 Nxe4 23. Qa6 Qb8 24. h4 Nd6 25. a4 Rxc1 26. Rxc1 Rc8 27. Rxc8+
Nxc8 28. a5 Qc7 29. Kg2 g6 30. axb6 axb6 31. Bd3 Kg7 32. Qa2 Na7 33. Qc2 Qd6
34. Qa2 Qc7 35. Bd2 Nc6 36. Qa4 Qd6 37. Bc3 Qc7 38. Bd2 Qd6 39. Bc3 Qc7 40. Be1
Qd6 41. Bd2 Nb4 42. Bb5 Nc2 43. b4 Nxb4 44. Bc3 e5 45. dxe5 Qc5 46. Bd4 Qc7 47.
e6+ f6 48. Qa8 Qc2 49. Kg1 Qb1+ 50. Bf1 Qf5 51. Qc8 Nc2 52. Qd7 Kf8 53. Bb5 1-0

[Event "BL 1718 SG Solingen - Speyer-Schwegenhe"]
[Site "?"]
[Date "2018.02.24"]
[Round "9.9"]
[White "Oleksiyenko, Mykhaylo"]
[Black "Harikrishna, Pentala"]
[Result "1/2-1/2"]
[WhiteElo "2609"]
[BlackElo "2745"]
[PlyCount "69"]
[EventDate "2018.??.??"]
[EventType "team-tourn"]

1. c4 Nf6 2. Nc3 e5 3. Nf3 Nc6 4. e3 Bb4 5. Qc2 d6 6. a3 Bxc3 7. Qxc3 e4 8. Nd4
Ne5 9. b4 Nfg4 10. h3 Qh4 11. g3 Qh6 12. Be2 Nf6 13. Bb2 Bd7 14. O-O-O O-O-O
15. g4 Rhe8 16. Rdg1 g5 17. h4 Bxg4 18. hxg5 Qxg5 19. c5 h5 20. c6 Kb8 21. cxb7
c5 22. bxc5 dxc5 23. Nb5 Rd7 24. Kb1 Nc6 25. Ka1 Qf5 26. Bxg4 Nxg4 27. Rc1 Rd5
28. Nd4 Nxd4 29. exd4 Kxb7 30. dxc5 Ka8 31. c6 Rd3 32. Qc4 Rc8 33. c7 Rd6 34.
Bd4 Qd5 35. Be3 1/2-1/2

[Event "BL 1718 SG Solingen - Speyer-Schwegenhe"]
[Site "?"]
[Date "2018.02.24"]
[Round "9.10"]
[White "Rapport, Richard"]
[Black "Shytaj, Luca"]
[Result "1-0"]
[WhiteElo "2703"]
[BlackElo "2448"]
[PlyCount "71"]
[EventDate "2018.??.??"]
[EventType "team-tourn"]

1. d4 Nf6 2. Nf3 e6 3. Bf4 d5 4. e3 Bd6 5. Bd3 c5 6. dxc5 Bxc5 7. O-O Nc6 8. c4
Nb4 9. Nc3 O-O 10. Be2 dxc4 11. Bxc4 Nbd5 12. Nxd5 Nxd5 13. Bg5 Be7 14. Bxe7
Qxe7 15. Bxd5 Rd8 16. Qb3 exd5 17. Rfc1 Be6 18. Qa4 h6 19. Nd4 a6 20. Qa5 Rdc8
21. h3 Qd6 22. a4 Bd7 23. Rd1 b6 24. Qd2 a5 25. Ne2 Rc5 26. Nc3 Qg6 27. Kh2 Be6
28. Qd4 Rac8 29. Rd2 R8c6 30. Rad1 Kh7 31. Qe5 f6 32. Qb8 Qg5 33. f4 Qg6 34.
Nb5 Qe4 35. Nd4 Qxe3 36. Re2 1-0

[Event "BL 1718 SG Solingen - Speyer-Schwegenhe"]
[Site "?"]
[Date "2018.02.24"]
[Round "9.11"]
[White "Yankelevich, Lev"]
[Black "Ragger, Markus"]
[Result "0-1"]
[WhiteElo "2446"]
[BlackElo "2666"]
[PlyCount "76"]
[EventDate "2018.??.??"]
[EventType "team-tourn"]

1. d4 Nf6 2. c4 e6 3. Nf3 d5 4. g3 dxc4 5. Bg2 c6 6. a4 Bb4+ 7. Bd2 a5 8. Qc2
Bxd2+ 9. Qxd2 Ne4 10. Qc2 Nd6 11. O-O Na6 12. Ne5 Nb4 13. Qc1 O-O 14. Na3 Qc7
15. Rd1 b6 16. Nb5 cxb5 17. Bxa8 bxa4 18. Bg2 b5 19. Nd3 Bb7 20. Nc5 Bxg2 21.
Kxg2 Nf5 22. Qf4 Qc6+ 23. Qe4 Nxd4 24. Rxd4 Qxc5 25. Rad1 g6 26. Kg1 c3 27.
bxc3 Qxc3 28. Qb7 Qc6 29. Qa7 Qa8 30. Qc5 Nd5 31. Rh4 Rc8 32. Qd4 Nc3 33. Qf6
Nxe2+ 34. Kf1 Nc3 35. Kg1 Nxd1 36. Rd4 Nc3 37. Rd7 Ne2+ 38. Kf1 Rc1+ 0-1

[Event "BL 1718 SG Solingen - Speyer-Schwegenhe"]
[Site "?"]
[Date "2018.02.24"]
[Round "9.12"]
[White "Van Wely, Loek"]
[Black "Kovacs, Gabor"]
[Result "1-0"]
[WhiteElo "2656"]
[BlackElo "2461"]
[PlyCount "155"]
[EventDate "2018.??.??"]
[EventType "team-tourn"]

1. d4 d5 2. c4 e6 3. Nf3 Nf6 4. g3 Be7 5. Bg2 O-O 6. O-O dxc4 7. Ne5 Nc6 8.
Nxc6 bxc6 9. Na3 Bxa3 10. bxa3 Rb8 11. Qa4 Rb6 12. Qxc4 Ba6 13. Qc2 Qd6 14. Rd1
Rfb8 15. e4 Qe7 16. Qc3 Bb5 17. Re1 Nd7 18. Bf4 Ra6 19. Re3 c5 20. Bxc7 cxd4
21. Qxd4 Rc8 22. Rc3 Ra4 23. Qd2 Nf6 24. Bd6 Qd7 25. Rxc8+ Qxc8 26. Rb1 Qd7 27.
e5 Ne8 28. Bb4 Qxd2 29. Bxd2 Nc7 30. Bb4 Nd5 31. Rc1 Bd7 32. Bc5 h6 33. Bf1 Nb6
34. Bd3 Ra5 35. f4 Nd5 36. h4 f6 37. Bd6 g5 38. fxg5 fxg5 39. hxg5 hxg5 40. Kf2
Ra4 41. Bc5 Be8 42. Rh1 Ra5 43. Bd6 Ra4 44. Rc1 Bd7 45. Bc4 Bc6 46. Bb3 Ra6 47.
Ke1 Kg7 48. Kd2 Kg6 49. Bc2+ Kh5 50. Bd1+ Kg6 51. Bg4 Bd7 52. Bc5 Ra4 53. Bd1
Ra5 54. Be2 Kf5 55. Bd6 Ra4 56. Rf1+ Kg6 57. Bd3+ Kh5 58. Be2+ Kg6 59. Rf8 Rd4+
60. Ke1 Nc3 61. Rf6+ Kg7 62. Bh5 Ne4 63. Rf7+ Kh6 64. g4 Nxd6 65. Rxd7 Re4+ 66.
Kf2 Nb5 67. Rb7 Rxe5 68. a4 Nd4 69. Rxa7 Re2+ 70. Kf1 Rxa2 71. Bf7 Rd2 72. Rd7
e5 73. a5 Rd1+ 74. Kf2 Ra1 75. Bc4 Kg6 76. a6 Ra3 77. a7 Kf6 78. Rd6+ 1-0

[Event "BL 1718 SG Solingen - Speyer-Schwegenhe"]
[Site "?"]
[Date "2018.02.24"]
[Round "9.13"]
[White "Hoolt, Sarah"]
[Black "Ganguly, Surya Shekhar"]
[Result "0-1"]
[WhiteElo "2400"]
[BlackElo "2650"]
[PlyCount "86"]
[EventDate "2018.??.??"]
[EventType "team-tourn"]

1. e4 e6 2. d4 d5 3. e5 c5 4. c3 Qb6 5. Nf3 Nc6 6. a3 f6 7. Bd3 fxe5 8. dxe5 c4
9. Bc2 g6 10. b3 cxb3 11. Bxb3 Bg7 12. O-O Nge7 13. Bg5 Nxe5 14. Nxe5 Bxe5 15.
Bxe7 Kxe7 16. Ra2 Kf7 17. Re2 Bf6 18. c4 Rd8 19. cxd5 exd5 20. Bxd5+ Kg7 21.
Qb3 Qxb3 22. Bxb3 Bf5 23. Rc1 Rac8 24. Ree1 b5 25. g3 a5 26. a4 b4 27. Rxc8
Rxc8 28. Kg2 Kf8 29. h4 Rd8 30. Rc1 h5 31. Re1 Rd6 32. Rc1 Ke7 33. Kf1 Kd7 34.
Ke1 Bb2 35. Rc2 Bxc2 36. Bxc2 Ke7 37. Ke2 Bc1 38. Ke1 Kf6 39. Ke2 Ke5 40. Ke1
Kd4 41. Bb3 Kd3 42. Kd1 Bb2 43. Ke1 Rc6 0-1

[Event "BL 1718 SG Solingen - Speyer-Schwegenhe"]
[Site "?"]
[Date "2018.02.24"]
[Round "9.14"]
[White "Van Kampen, Robin"]
[Black "Commercon, Simon"]
[Result "1-0"]
[WhiteElo "2646"]
[BlackElo "2257"]
[PlyCount "61"]
[EventDate "2018.??.??"]
[EventType "team-tourn"]

1. e4 e5 2. Nf3 Nf6 3. Nxe5 d6 4. Nf3 Nxe4 5. Nc3 Nxc3 6. dxc3 Be7 7. Be3 Be6
8. Nd4 O-O 9. Nxe6 fxe6 10. Qg4 Rf6 11. Bd3 Nd7 12. Qh3 Nf8 13. O-O-O d5 14. g4
Rf7 15. f4 Bd6 16. Rhf1 c6 17. c4 Qc7 18. cxd5 cxd5 19. f5 e5 20. Kb1 Rc8 21.
c3 b5 22. Qg2 b4 23. cxb4 Qb7 24. Bc2 Rxc2 25. Qxc2 d4 26. Bd2 e4 27. Rfe1 e3
28. Bxe3 Bxb4 29. Bd2 Bd6 30. Bc1 Qb6 31. Qc4 1-0

[Event "BL 1718 SG Solingen - Speyer-Schwegenhe"]
[Site "?"]
[Date "2018.02.24"]
[Round "9.15"]
[White "Prestel, Oliver"]
[Black "L'Ami, Erwin"]
[Result "0-1"]
[WhiteElo "2152"]
[BlackElo "2625"]
[PlyCount "58"]
[EventDate "2018.??.??"]
[EventType "team-tourn"]

1. d4 Nf6 2. c4 g6 3. Nc3 Bg7 4. e4 d6 5. Nf3 O-O 6. Be2 c5 7. d5 Bg4 8. Nd2
Bxe2 9. Qxe2 e6 10. O-O Qe7 11. f4 exd5 12. cxd5 Nbd7 13. Nc4 Rfe8 14. Bd2 b5
15. Nxb5 Nxe4 16. Rae1 Nb6 17. Ba5 Nxc4 18. Qxc4 a6 19. Nc7 Bd4+ 20. Kh1 Ng3+
21. hxg3 Qf8 22. Qxd4 cxd4 23. Nxe8 Rxe8 24. Bb6 d3 25. Ba5 Re2 26. Bc3 Qe7 27.
Rd1 Qe4 28. Rf3 Rxg2 29. Rdxd3 Rxg3 0-1

[Event "BL 1718 SG Solingen - Speyer-Schwegenhe"]
[Site "?"]
[Date "2018.02.24"]
[Round "9.16"]
[White "Predojevic, Borki"]
[Black "Mager, Denis"]
[Result "1-0"]
[WhiteElo "2629"]
[BlackElo "2277"]
[PlyCount "83"]
[EventDate "2018.??.??"]
[EventType "team-tourn"]

1. e4 c5 2. Nf3 d6 3. d4 cxd4 4. Nxd4 Nf6 5. Nc3 a6 6. g3 e6 7. Bg2 Be7 8. O-O
O-O 9. Be3 Qc7 10. g4 Nc6 11. g5 Nd7 12. f4 Nxd4 13. Bxd4 b5 14. Qh5 Bb7 15. f5
exf5 16. exf5 Bxg2 17. Kxg2 Qb7+ 18. Kg1 f6 19. g6 h6 20. Qf3 Qxf3 21. Rxf3 Ne5
22. Re3 Rfc8 23. Nd5 Bd8 24. c3 Rc6 25. Kg2 a5 26. a3 Rb8 27. Re2 Rb7 28. Rd1
Kf8 29. h4 Ke8 30. h5 Bc7 31. Nf4 Bb6 32. Ne6 a4 33. Bxe5 dxe5 34. Red2 Rc8 35.
Rd6 Ba5 36. Kf3 Ra7 37. R1d5 Rb7 38. Ke2 Ra8 39. Nc5 Re7 40. Re6 Bd8 41. Rxe7+
Bxe7 42. Ne6 1-0

[Event "BL 1718 USV Dresden - SK Schwäbisch H"]
[Site "?"]
[Date "2018.02.25"]
[Round "10.1"]
[White "Jakovenko, Dmitry"]
[Black "Almasi, Zoltan"]
[Result "1/2-1/2"]
[WhiteElo "2744"]
[BlackElo "2689"]
[PlyCount "40"]
[EventDate "2018.??.??"]
[EventType "team-tourn"]

1. e4 e5 2. Nf3 Nc6 3. Bb5 Nf6 4. d3 Bc5 5. Bxc6 dxc6 6. Nbd2 Bg4 7. h3 Bh5 8.
Nf1 Nd7 9. Ng3 Bxf3 10. Qxf3 g6 11. Be3 Qe7 12. O-O Bd6 13. a4 c5 14. c3 O-O-O
15. Rfb1 Kb8 16. a5 a6 17. Nf1 Qe6 18. Qd1 f5 19. f3 Be7 20. Qa4 Nf6 1/2-1/2

[Event "BL 1718 USV Dresden - SK Schwäbisch H"]
[Site "?"]
[Date "2018.02.25"]
[Round "10.2"]
[White "Nisipeanu, Liviu-Dieter"]
[Black "Laznicka, Viktor"]
[Result "1-0"]
[WhiteElo "2682"]
[BlackElo "2658"]
[PlyCount "63"]
[EventDate "2018.??.??"]
[EventType "team-tourn"]

1. e4 c6 2. d4 d5 3. exd5 cxd5 4. Nf3 Nc6 5. c3 Nf6 6. Bf4 Bf5 7. Qb3 Qc8 8.
Nbd2 e6 9. Nh4 Bg4 10. h3 Bh5 11. Bd3 Be7 12. O-O a6 13. Rae1 Nd7 14. Ndf3 b5
15. g4 Bg6 16. Nxg6 hxg6 17. Kg2 Nf6 18. Bg3 Nd7 19. a4 bxa4 20. Qxa4 O-O 21.
g5 e5 22. Bxe5 Ncxe5 23. Nxe5 Nxe5 24. Rxe5 Qb7 25. Qa2 Rfd8 26. Be2 f6 27. Re6
fxg5 28. Qb1 Rd6 29. Qxg6 Rad8 30. Re1 Rxe6 31. Qxe6+ Kh8 32. Bd3 1-0

[Event "BL 1718 USV Dresden - SK Schwäbisch H"]
[Site "?"]
[Date "2018.02.25"]
[Round "10.3"]
[White "Gharamian, Tigran"]
[Black "Bartel, Mateusz"]
[Result "1/2-1/2"]
[WhiteElo "2622"]
[BlackElo "2610"]
[PlyCount "52"]
[EventDate "2018.??.??"]
[EventType "team-tourn"]

1. e4 e5 2. Nf3 Nc6 3. Bb5 a6 4. Ba4 Nf6 5. O-O Be7 6. d3 d6 7. c3 O-O 8. Re1
b5 9. Bc2 d5 10. Nbd2 d4 11. Nb3 dxc3 12. bxc3 a5 13. a4 b4 14. d4 bxc3 15.
Nxe5 Nxe5 16. dxe5 Ng4 17. Qf3 Nxe5 18. Qxc3 Bb4 19. Qxe5 Bxe1 20. Bb2 f6 21.
Qh5 Bb4 22. e5 f5 23. Nd4 Ra6 24. e6 Qe8 25. Qe2 c5 26. e7 cxd4 1/2-1/2

[Event "BL 1718 USV Dresden - SK Schwäbisch H"]
[Site "?"]
[Date "2018.02.25"]
[Round "10.4"]
[White "Paehtz, Elisabeth"]
[Black "Michalik, Peter"]
[Result "1/2-1/2"]
[WhiteElo "2464"]
[BlackElo "2548"]
[PlyCount "54"]
[EventDate "2018.??.??"]
[EventType "team-tourn"]

1. e4 e5 2. Nf3 Nc6 3. Bb5 Nf6 4. d3 Bc5 5. Bxc6 dxc6 6. Qe2 Nd7 7. Nbd2 O-O 8.
Nc4 Re8 9. Bd2 f6 10. O-O Nf8 11. Be3 Ne6 12. Bxc5 Nxc5 13. Ne3 Ne6 14. g3 c5
15. Nh4 Nd4 16. Qh5 Bh3 17. Nhg2 Qd7 18. f4 c4 19. c3 Bxg2 20. Nxg2 Nc2 21.
Rad1 cxd3 22. Rf3 g6 23. Qh4 d2 24. Qxf6 exf4 25. Rxf4 Rf8 26. Rxd2 Qxd2 27.
Qe6+ Kh8 1/2-1/2

[Event "BL 1718 USV Dresden - SK Schwäbisch H"]
[Site "?"]
[Date "2018.02.25"]
[Round "10.6"]
[White "Neef, Maximilian"]
[Black "Wirig, Anthony"]
[Result "1/2-1/2"]
[WhiteElo "2451"]
[BlackElo "2503"]
[PlyCount "85"]
[EventDate "2018.??.??"]
[EventType "team-tourn"]

1. Nf3 d5 2. g3 Bg4 3. Bg2 e6 4. O-O c6 5. h3 Bh5 6. d4 Nf6 7. c4 Nbd7 8. cxd5
cxd5 9. Qb3 Bxf3 10. Bxf3 Qb6 11. Nc3 Bd6 12. e4 dxe4 13. Nxe4 Nxe4 14. Bxe4
Rb8 15. Qa4 Qa6 16. Qxa6 bxa6 17. b3 Ke7 18. Bg5+ Nf6 19. Bd3 a5 20. Rac1 Rhd8
21. Rc6 Rb6 22. Rfc1 h6 23. Bd2 Bb4 24. Bxb4+ axb4 25. Rc7+ Rd7 26. Rxd7+ Kxd7
27. Rc5 Rb7 28. Ra5 Ke7 29. Kg2 Rd7 30. Bb5 Rc7 31. Bc4 Ne4 32. h4 Nc3 33. Kf3
Rd7 34. Ke3 Nd1+ 35. Ke2 Rxd4 36. Rxa7+ Kf6 37. Ra8 Nc3+ 38. Ke3 Rd7 39. a4
bxa3 40. Rxa3 Nd1+ 41. Ke2 Nc3+ 42. Ke3 Nd1+ 43. Ke2 1/2-1/2

[Event "BL 1718 USV Dresden - SK Schwäbisch H"]
[Site "?"]
[Date "2018.02.25"]
[Round "10.7"]
[White "Zeller, Frank"]
[Black "Maiwald, Jens-Uwe"]
[Result "0-1"]
[WhiteElo "2382"]
[BlackElo "2437"]
[PlyCount "70"]
[EventDate "2018.??.??"]
[EventType "team-tourn"]

1. e4 d6 2. d4 Nf6 3. Nc3 g6 4. Be3 a6 5. f3 b5 6. Qd2 Nbd7 7. O-O-O Bb7 8. g4
h6 9. h4 Nb6 10. Nh3 b4 11. Nb1 a5 12. c4 bxc3 13. Nxc3 Bg7 14. Kb1 e6 15. Rc1
a4 16. Rh2 c6 17. Nf2 d5 18. h5 g5 19. f4 gxf4 20. Bxf4 Ba6 21. g5 Bxf1 22.
gxf6 Nc4 23. fxg7 Nxd2+ 24. Bxd2 Rg8 25. Bxh6 Qf6 26. Ng4 Qxd4 27. Rf2 Bd3+ 28.
Ka1 Rxg7 29. Bxg7 Qxg7 30. Nf6+ Ke7 31. exd5 cxd5 32. Re1 Qg3 33. Nd1 d4 34.
Nd5+ Kd6 35. Nb4 Rc8 0-1

[Event "BL 1718 USV Dresden - SK Schwäbisch H"]
[Site "?"]
[Date "2018.02.25"]
[Round "10.8"]
[White "Moehn, Hans"]
[Black "Zpevak, Pavel"]
[Result "1/2-1/2"]
[WhiteElo "2365"]
[BlackElo "2341"]
[PlyCount "114"]
[EventDate "2018.??.??"]
[EventType "team-tourn"]

1. Nf3 Nf6 2. g3 d5 3. Bg2 c6 4. O-O Bf5 5. c4 e6 6. cxd5 exd5 7. d3 Be7 8. Qb3
Qb6 9. Qc2 Qc5 10. Qa4 Qb4 11. Qxb4 Bxb4 12. Nc3 O-O 13. Bf4 Re8 14. a3 Bf8 15.
b4 a6 16. Nd4 Bc8 17. Nb3 Nbd7 18. Rfe1 h6 19. Rab1 g6 20. Be3 Bg7 21. Bd4 Nf8
22. Na4 N6d7 23. Bxg7 Kxg7 24. Kf1 Rb8 25. Rec1 Nf6 26. Nc3 Ne6 27. a4 Bd7 28.
b5 cxb5 29. axb5 d4 30. bxa6 bxa6 31. Nd5 Rb5 32. Nxf6 Kxf6 33. Nd2 Rxb1 34.
Rxb1 Bb5 35. Bd5 Rc8 36. Bc4 Bxc4 37. Nxc4 Rc6 38. Kg2 Ke7 39. h4 Nc7 40. Rb8
Rc5 41. f4 Rb5 42. Rc8 Kd7 43. Rh8 a5 44. Rh7 Ke6 45. Rxh6 a4 46. g4 Kf6 47.
Rh7 Rc5 48. h5 Ne6 49. Kf3 gxh5 50. Rh6+ Kg7 51. Rxh5 Rxh5 52. gxh5 f5 53. e4
dxe3 54. Kxe3 Kh6 55. d4 Nc7 56. Kd3 Nd5 57. Nd6 Nxf4+ 1/2-1/2